[Event "NED-ch U14 op"]
[Site "Borne"]
[Date "2019.08.07"]
[Round "4"]
[White "Voorbergen, Milan"]
[Black "Dhaenens, Leon"]
[Result "0-1"]
[WhiteElo "1410"]
[BlackElo "1583"]
[PlyCount "92"]
[EventDate "2019.08.05"]
[EventType "swiss"]
[EventRounds "9"]
[EventCountry "NED"]
[SourceTitle "EXT 2020"]
[Source "ChessBase"]
[SourceDate "2019.10.17"]
[SourceVersion "1"]
[SourceVersionDate "2019.10.17"]
[SourceQuality "1"]

1. e4 c5 2. Nf3 e6 3. Nc3 a6 4. d3 Qc7 5. Bg5 d6 6. Be2 Nd7 7. 0-0 Ngf6 8. Nd2 Be7 9. Bh4 b5 10. Bf3 Bb7 11. Qe2 Ne5 12. Bg3 0-0 13. Bxe5 dxe5 14. Nd1 Rfd8 15. Ne3 Rd7 16. b3 Rad8 17. Rfc1 Ne8 18. Qf1 Nd6 19. Rd1 Nc8 20. Be2 Na7 21. c4 b4 22. a3 Nc6 23. Nf3 Nd4 24. Nxd4 exd4 25. Nc2 a5 26. a4 f5 27. f3 Rf8 28. Ne1 fxe4 29. dxe4 Bxe4 30. Bd3 Bxd3 31. Nxd3 Bd6 32. g3 Rdf7 33. Kg2 e5 34. Re1 Rf6 35. Qf2 Qf7 36. Rf1 e4 37. Ne1 e3 38. Qe2 Rg6 39. Nd3 Qf5 40. f4 Qe4+ 41. Kg1 Rf5 42. Rf3 h5 43. h4 Bxf4 44. Raf1 Bxg3 45. Kh1 Qxh4+ 46. Kg2 Qh2# 0-1